000 00347nam a2200145Ia 4500
008 230917s9999||||xx |||||||||||||| ||und||
040 _e99029
_aMAIN
041 _aEnglish
082 _a581.192 P695P
100 _aDey, P M, ed.
245 0 _aPlant biochemistry
260 _aSingapore
_bHartcourt Asia
_c2000
300 _a554 p.
942 _cBK
999 _c108953
_d108953